LEADER 01311nam a2200301 u 4500 001 000000054381 003 CaOOAMICUS 005 20070226115651.0 008 001211s1967 it u000 u ita u 035 $a10863516 040 $aPUL(R)$bita 100 0 $aAristoteles,$d384-322 a.C.$0(OLS)http://pul/name/792 240 10$aOeconomica$9(Aristoteles, 384-322 a.C. Opere spurie e dubbie).$lItaliano.$0(OLS)http://pul/title/72918 245 13$aIl trattato sull'economia /$cAristotele ; a cura di Renato Laurenti. 260 $aBari :$bLaterza,$c1967. 300 $a162 p. ;$c18 cm 490 1 $aPiccola biblioteca filosofica Laterza ;$v22 504 $aInclude note bibliografiche in calce. 650 4$aFilosofia antica.$0(OLS)http://pul/subject/205 700 1 $aLaurenti, Renato.$0(OLS)http://pul/name/3280 830 0$aPiccola biblioteca filosofica Laterza ;$v22.$0(OLS)http://pul/title/5082 850 $aPUL 852 $aPUL$W1$xDP1 Fondo Giannini$y60$m1557 B 43$j71649$nBK-PRI$b $qFondi$B71649$CPULBib$Z2$F71649 $H $81 900 $aAristotle,$d 384-322 a.C.$9792 900 $aAristotele,$d384-322 a.C.$9792 941 1 $a1 996 $6245$aIl trattato sull'economia$9(OLS)http://pul/title/72919 996 $6260$aBari :$bLaterza$9(OLS)http://pul/publisher/47895 LEADER 01275nam a2200289 u 4500 001 000000058559 003 CaOOAMICUS 005 20070226120715.0 008 010607s1973 it u000 u ita u 035 $a10891712 040 $aPUL(R)$bita 041 1 $aita$hfre 100 1 $aGuizot,$cM.$q(François),$d1787-1874.$0(OLS)http://pul/name/8684 245 10$aStoria della civiltà in Europa /$cFrançois Guizot ; traduzione e introduzione di Armando Saitta. 260 $aMilano :$bIl Saggiatore,$c1973. 300 $a432 p. ;$c21 cm 490 1 $aI Gabbiani.$aNuova serie ;$v110 500 $a"Il front. aggiunto riporta l'edizione di Einaudi del 1956". 651 4$aEuropa$xCiviltà.$0(OLS)http://pul/subject/4917 651 4$aEuropa$xStoriografia.$0(OLS)http://pul/subject/5777 700 1 $aSaitta, Armando,$d1919-$0(OLS)http://pul/name/6194 830 2$aI Gabbiani.$pNuova serie ;$v110.$0(OLS)http://pul/title/59389 850 $aPUL 852 $aPUL$W1$xDP1 Altre Collocazioni$y17$mSenza collocazione$j12$nBK-PRI$b $qStampati$B76488$CPULBib$Z2$F76488 $H $81 941 1 $a8 996 $6245$aStoria della civiltà in Europa$9(OLS)http://pul/title/77554 996 $6260$aMilano :$bIl Saggiatore$9(OLS)http://pul/publisher/49408